00691nam a2200229Ia 4500003000400000005001700004008004100021020001500062040000700077041000800084082001300092100004700105245003000152250000600182260004700188300001200235365001300247906003200260942001200292999001900304952013800323OSt20230405110418.0210423s2007 xx 000 0 und d a8131711552 cAL aeng a657 CHOF aCHOI (Frederick D S);MEEK (Gary K).983202 aInternational accounting. a5 aNew DelhibPearson Education Pvt Ltdc2007 a523bPB b375cINR aaccounting. ; International 2ddccBK c158111d158111 001040708MCOMaSACPGbSACPGd2010-07-03eHigginbothams Pvt Ltdg375.00l0o657 CHOFpPG004588r2022-08-24 00:00:00w2021-04-26yBK